| 000 | 00381nam a22001697a 4500 | ||
|---|---|---|---|
| 003 | SGT | ||
| 020 | _a9708131267486 | ||
| 082 |
_a611 _bG24D |
||
| 100 | _aDRAKE, RICHARD.L. | ||
| 245 | _aGRAY'S ANATOMY FOR STUDENTS. | ||
| 250 | _a3RD | ||
| 260 |
_aINDIA _bELSEVIER _c2024 |
||
| 300 | _a759, 1468 | ||
| 650 | _aANATOMY | ||
| 653 | _aGRAY'S, ANATOMY, STUDENT. | ||
| 942 |
_2ddc _cBK |
||
| 999 |
_c29091 _d29091 |
||